Sustainability Information in Annual Reports of Companies Domiciled in the Czech Republic and the Slovak Republic
Dôležitosť podnikového vykazovania a význam udržateľnosti spoločnosti. Hoci podávanie správ o udržateľnosti a riadenie udržateľnosti nie sú rovnaké činnosti, sú silne prepojené a komunikácia, ako taká, má pre EÚ veľký význam. V Českej republike a najmä v Slovenskej republike je nedostatok aktuálnych...
Salvato in:
| Autore principale: | |
|---|---|
| Altri autori: | , , |
| Natura: | Capitolo di libro |
| Lingua: | inglese |
| Soggetti: | |
| Tags: |
Nessun Tag, puoi essere il primo ad aggiungerne!!
|
MARC
| LEADER | 00000naa a2200000 4500 | ||
|---|---|---|---|
| 001 | 0259946 | ||
| 005 | 20260310133817.7 | ||
| 041 | 0 | |a eng | |
| 044 | |a LT | ||
| 245 | 1 | 0 | |a Sustainability Information in Annual Reports of Companies Domiciled in the Czech Republic and the Slovak Republic |c Petr Petera, Jaroslav Wagner, Renáta Pakšiová, Aneta Krehnacová |
| 520 | |a Dôležitosť podnikového vykazovania a význam udržateľnosti spoločnosti. Hoci podávanie správ o udržateľnosti a riadenie udržateľnosti nie sú rovnaké činnosti, sú silne prepojené a komunikácia, ako taká, má pre EÚ veľký význam. V Českej republike a najmä v Slovenskej republike je nedostatok aktuálnych informácií. Analýza vzťahu medzi množstvom a štruktúrou zverejnenia a jeho zverejnením. Len málo spoločností podáva komplexné správy o environmentálnych a sociálnych otázkach. Štruktúra a množstvo správ je podobná v analyzovaných krajinách. Zverejnenie pozitívne ovplyvňuje absolútne množstvo ekonomických, environmentálnych a sociálnych informácií. Podávanie správ v súlade s IFRS, má pozitívny vplyv na relatívny podiel sociálneho zverejnenia na celkovom zverejnení. | ||
| 610 | 2 | 0 | |a správy výročné |
| 610 | 2 | 0 | |a informácie ekonomické |
| 610 | 2 | 0 | |a informácie účtovné |
| 610 | 2 | 0 | |a informácie vnútropodnikové |
| 610 | 2 | 0 | |a výkazy účtovné |
| 610 | 2 | 0 | |a výkazy finančné |
| 610 | 2 | 0 | |a harmonizácia |
| 610 | 2 | 0 | |a Slovensko |
| 610 | 2 | 0 | |a Česko |
| 100 | 1 | |a Petera, Petr | |
| 700 | 1 | |a Wagner, Jaroslav | |
| 700 | 1 | |a Pakšiová, Renáta, 1974- | |
| 700 | 1 | |a Krehnacová, Aneta | |